000 00293nam a2200121Ia 4500
008 220204s9999 xx 000 0 und d
082 _a82-3
_bCOL
100 _aCollins, Larry
245 0 _aIs Paris burning
260 _aNew Delhi
_bVikas
_c1978
700 _aLapierre, Dominique
942 _cBK
999 _c28566
_d28566